[Event "FRA-chT4 0405"]
[Site "Bretagne"]
[Date "2005.03.13"]
[Round "6"]
[White "Le Duigou, Jean Guy"]
[Black "Mouden, Herve"]
[Result "0-1"]
[WhiteElo "2010"]
[BlackElo "1870"]
[PlyCount "60"]
[EventDate "2004.04.03"]
[EventType "team"]
[EventRounds "7"]
[EventCountry "FRA"]
[SourceTitle "EXT 2007"]
[Source "ChessBase"]
[SourceDate "2006.11.23"]
[SourceVersion "1"]
[SourceVersionDate "2006.11.23"]
[SourceQuality "1"]

1. c4 e5 2. Nc3 Nf6 3. Nf3 Nc6 4. g3 Bc5 5. Bg2 d6 6. 0-0 Be6 7. d3 Qd7 8. a3 h6 9. b4 Bd4 10. Bb2 Bh3 11. Nxd4 Bxg2 12. Kxg2 Nxd4 13. Nd5 Nxd5 14. cxd5 Qb5 15. e4 c5 16. dxc6 Nxc6 17. d4 d5 18. dxe5 Rd8 19. Qg4 0-0 20. a4 Qd3 21. b5 Ne7 22. Rfe1 d4 23. Red1 Qc4 24. Rdc1 Qb3 25. Ba3 Rfe8 26. Rc7 Ng6 27. Bd6 d3 28. f4 Qb2+ 29. Kh3 Qxa1 30. e6 Qf1# 0-1

[Event "FRA-chT4 0203"]
[Site "Bretagne"]
[Date "2003.01.19"]
[Round "4"]
[White "Mouden, Herve"]
[Black "Larcher, Jeremy"]
[Result "1-0"]
[WhiteElo "1770"]
[BlackElo "1510"]
[PlyCount "61"]
[EventDate "2002.10.??"]
[EventType "team"]
[EventRounds "7"]
[EventCountry "FRA"]
[SourceTitle "EXT 2007"]
[Source "ChessBase"]
[SourceDate "2006.11.23"]
[SourceVersion "1"]
[SourceVersionDate "2006.11.23"]
[SourceQuality "1"]

1. f4 d5 2. e3 Nf6 3. Nf3 Nc6 4. b3 e6 5. Bb2 Be7 6. Be2 Rg8 7. 0-0 Ne4 8. Nc3 Bf6 9. d4 Nd6 10. Ne5 Bxe5 11. fxe5 Nf5 12. Bc1 Qg5 13. Rf3 Qg6 14. Bd3 Bd7 15. Rg3 Qh6 16. e4 Nxg3 17. Bxh6 gxh6 18. hxg3 Rxg3 19. Qe1 Rg5 20. Ne2 Rg4 21. exd5 0-0-0 22. c3 Rdg8 23. Qf2 Ne7 24. Rc1 Nxd5 25. g3 R4g7 26. a3 h5 27. c4 Nf4 28. Nxf4 Rxg3+ 29. Kh2 R8g4 30. Qxg3 Rxg3 31. Kxg3 1-0